000 00469nam a22001697a 4500
005 20230119101024.0
008 220221b ||||| |||| 00| 0 eng d
020 _a978-81-265-6761-4
041 _aeng
082 _a612
100 _aTORTORA,GERARD.J AND DERRICKSON,BRYAN
_97219
245 _aTORTORA,S PRINCIPLES OF ANATOMY AND PHYSIOLOGY STUDY GUIDE
260 _bWILEY
_c2017
300 _a5G-195;p
650 _aPHARMACY
_xB.PHARMA & D.PHARMA
_97472
942 _cBK
999 _c7975
_d7973